000 00653nam a2200229Ia 4500
003 OSt
005 20220928114721.0
006 a|||||r|||| 00| 0
007 ta
008 220927b |||||||| |||| 00| 0 eng d
024 _a35199
037 _cTextual
040 _aSDCL
_cSDCL
_beng
041 _2eng
_aeng
082 _aV2:24'N7, L8
100 _aPrasad Brajkishore
_9440551
245 0 _aIndia regained
_b A dynastic rule and the'77 democratic revolution
260 _aNew Delhi
_bOrient Publishers
_c1978
300 _ax,238p
_ccm.
942 _hV2:24'N7, L8
_cTEXL
_2CC
999 _c756117
_d756117